| 000 -LEADER |
| fixed length control field |
01341pab a2200169 454500 |
| 008 - FIXED-LENGTH DATA ELEMENTS--GENERAL INFORMATION |
| fixed length control field |
180718b1998 xxu||||| |||| 00| 0 eng d |
| 100 ## - MAIN ENTRY--PERSONAL NAME |
| Personal name |
Russell, Gregory D. |
| 245 ## - TITLE STATEMENT |
| Title |
The limits of reinventing government |
| 260 ## - PUBLICATION, DISTRIBUTION, ETC. |
| Date of publication, distribution, etc. |
1998 |
| 300 ## - PHYSICAL DESCRIPTION |
| Extent |
p.325-46 |
| 362 ## - DATES OF PUBLICATION AND/OR SEQUENTIAL DESIGNATION |
| Dates of publication and/or sequential designation |
Dec |
| 520 ## - SUMMARY, ETC. |
| Summary, etc. |
When introduced, reinventing government promised significant changes in government performance. Juxtaposed against that theory is one presented by "refounders," which demands a return to a constitutional grounding in governance. This article suggests that each has significant limitations that can best be understood by examining the other. Accordingly, we seek to establish the central or core theoretical concepts of each theory and the underlying assumptions on which each theory rests. We then proceed to examine them critically as "theories" and compare them to empirical evidence. We argue each is vague, internally inconsistent, and contradicted by known empirical evidence. However, we argue that by integrating the two, the weaknesses of each can be overcome, permitting the evolution of a more fully informed theory, one that addresses both the "means" and the "ends" of government. - Reproduced |
| 650 ## - SUBJECT ADDED ENTRY--TOPICAL TERM |
| Topical term or geographic name entry element |
Politics and government |
| 650 ## - SUBJECT ADDED ENTRY--TOPICAL TERM |
| Topical term or geographic name entry element |
Public administration |
| 773 ## - HOST ITEM ENTRY |
| Main entry heading |
American Review of Public Administration |
| 909 ## - |
| -- |
39918 |